000 00675nam a2200205Ii 4500
003 JO-AjNU
008 230605s9999||||xx |||||||||||||| ||und||
040 _aJO-AjNU
_bara
_erda
_cJO-AjNU
041 _aara
050 1 4 _aPJ6696 D3.1983
100 3 _aتأليف الدرويش، محيي الدين,
_eauthor
_941943
245 0 0 _aإعراب القران الكريم وبيانه
250 _aط2
264 3 1 _aحمص، دار الارشاد، 1983
300 _aم3، 576ص
336 _atext
_btxt
_2rdacontent
337 _aunmediated
_bn
_2rdamedia
338 _avolume
_bnc
_2rdacarrier
650 4 _aالقرآن -- إعراب -- القرآن -- بلاغة
_941944
999 _aA17923
_c21491
_d21491